000 00694nam a22002537a 4500
003 UA-OsUOA
001 24328
007 ta
008 20040216b un ||||| |||| 00| 0 ukr d
100 _aПанарин А.С.
090 _a327(100)(075.8)
_bП16
942 _cBK
040 _aUA-OsUOA
_brus
_cUA-OsUOA
_dUA-OsUOA
245 _aГлобальное политическое прогнозирование
_bУчебник для студентов вузов
300 _a352 с.
955 _a0
041 _arus
080 _a327(100)(075.8)
020 _a5-9265-0002-8
260 _aМосква
_bАлгоритм
_c2000
044 _aRU
650 7 _2UDC
999 _c310596
_d310596